000 00842nam a2200229 a 4500
001 BRCA_1703
005 20190320203520.0
008 930408s1994 mx-a---##b---s000-0#spa-#
020 _a9686084673
040 _aDLC
_cDLC
_dDLC
050 4 _aF1391.Q9
_b.Q94 1994
245 1 0 _aQuerétaro
_btesoros de la Sierra Gorda
_c[texto Jaime Ortiz Lajous].
260 _aMéxico
_bGobierno del Estado de Querétaro : Grupo Azabache : Mosaico Mexicano
_c1994
300 _a155 p.
_bil. a color
_c30 cm.
504 _aBibliografía: p. 155
650 1 4 _aArte colonial
_zSierra Gorda, Queretaro (México)
_95321
650 1 4 _aArte cristiano y simbolismo
_zMéxico
_942
650 1 4 _aMisiones españolas
_xEdificios, estructuras, etc.
_zMéxico
_95322
651 4 _aQueretaro
_xHistoria
_zMéxico
_95323
700 1 _aOrtiz Lajous, Jaime
_93911
942 _2lcc
_cB
999 _c1494
_d1494